Catálogo de construcciones religiosas del estado de Yucatán (Record no. 10736)

MARC details
000 -CABECERA
campo de control de longitud fija 01321nam a2200301 a 4500
001 - NÚMERO DE CONTROL
campo de control BRL_1928
005 - FECHA Y HORA DE LA ÚLTIMA TRANSACCIÓN
campo de control 20190320211434.0
008 - DATOS DE LONGITUD FIJA--INFORMACIÓN GENERAL
campo de control de longitud fija 180815s1945----mx-be#####---#000-0#spa-#
041 ## - CÓDIGO DE LENGUA
Código de lengua del texto/banda sonora o título independiente spa
044 ## - CÓDIGO DEL PAÍS DE LA ENTIDAD EDITORA/PRODUCTORA
Código MARC del país mx
050 #4 - SIGNATURA TOPOGRÁFICA DE LA BIBLIOTECA DEL CONGRESO
Número de clasificación NA5256.Y8
Número de documento/Ítem .C38 1945
245 10 - MENCIÓN DE TÍTULO
Título Catálogo de construcciones religiosas del estado de Yucatán
Resto del título formado por la Comisión de Inventarios de la Cuarta Zona 1929-1933
Mención de responsabilidad, etc. Ingeniero en jefe Luis Vega Bolaños ; reseña historica y notas de J. Ignacio Rubio Mañe ; investigaciones historicas de José García Preciat ; estudio etimológico de Alfredo Barrera Vázquez ; recopilación de Justino Fernández.
260 ## - PUBLICACIÓN, DISTRIBUCIÓN, ETC.
Lugar de publicación, distribución, etc. México
Nombre del editor, distribuidor, etc. Talleres Gráficos de la Nación
Fecha de publicación, distribución, etc. 1945
300 ## - DESCRIPCIÓN FÍSICA
Extensión 2 v.
Otras características físicas il., láminas, mapas, planos
Dimensiones 35 cm.
500 ## - NOTA GENERAL
Nota general Incluye índice general por municipios
500 ## - NOTA GENERAL
Nota general v.1 Au2174, v.2 Au2175
504 ## - NOTA DE BIBLIOGRAFÍA, ETC.
Nota de bibliografía, etc. Incluye referencias bibliográficas
650 14 - PUNTO DE ACCESO ADICIONAL DE MATERIA--TÉRMINO DE MATERIA
Término de materia o nombre geográfico como elemento de entrada Iglesias
Subdivisión geográfica México
9 (RLIN) 4471
650 14 - PUNTO DE ACCESO ADICIONAL DE MATERIA--TÉRMINO DE MATERIA
Término de materia o nombre geográfico como elemento de entrada Arquitectuta religiosa
Subdivisión geográfica México
9 (RLIN) 6789
650 14 - PUNTO DE ACCESO ADICIONAL DE MATERIA--TÉRMINO DE MATERIA
Término de materia o nombre geográfico como elemento de entrada Arquitectura religiosa
Subdivisión general Diseños y planos
9 (RLIN) 6790
700 1# - PUNTO DE ACCESO ADICIONAL--NOMBRE DE PERSONA
Nombre de persona Fernández, Justino
Fechas asociadas al nombre 1904-
9 (RLIN) 6791
700 1# - PUNTO DE ACCESO ADICIONAL--NOMBRE DE PERSONA
Nombre de persona Vega Bolaños, Luis
9 (RLIN) 28250
700 1# - PUNTO DE ACCESO ADICIONAL--NOMBRE DE PERSONA
Nombre de persona Rubio Mañe, J. Ignacio
9 (RLIN) 28251
700 1# - PUNTO DE ACCESO ADICIONAL--NOMBRE DE PERSONA
Nombre de persona García Preciat, José
9 (RLIN) 28252
700 1# - PUNTO DE ACCESO ADICIONAL--NOMBRE DE PERSONA
Nombre de persona Barrera Vázquez, Alfredo
9 (RLIN) 28253
902 ## - CATALOGADOR
Iniciales GRL
942 ## - ELEMENTOS DE PUNTO DE ACCESO ADICIONAL (KOHA)
Fuente del sistema de clasificación o colocación Library of Congress Classification
Tipo de ítem Koha Libros
Holdings
Estado de retiro Estado de pérdida Estado dañado No para préstamo Localización permanente Ubicación/localización actual Fecha de adquisición Total de préstamos Signatura topográfica completa Código de barras Fecha visto por última vez Precio válido a partir de Tipo de ítem Koha
El ejemplar forma parte de la colección y puede ser consultado según las políticas vigentes.       Biblioteca Centro de Estudios Ruth D. Lechuga Biblioteca Centro de Estudios Ruth D. Lechuga 18/08/2015   NA5256.Y8 .C38 1945 GRL02136 22/03/2019 22/03/2019 Libros
El ejemplar forma parte de la colección y puede ser consultado según las políticas vigentes.       Biblioteca Centro de Estudios Ruth D. Lechuga Biblioteca Centro de Estudios Ruth D. Lechuga 21/01/2016   NA5256.Y8 .C38 1945 GRL02137 22/03/2019 22/03/2019 Libros